000 00213nam a2200097Ia 4500
008 240331s9999 xx 000 0 und d
082 _bLAK
100 _aLakshmi, C.S
245 4 _aThe singer and the song
942 _cL
999 _c2069
_d2069